Vector mechanics for engineers (Record no. 256952)
[ view plain ]
| 000 -LEADER | |
|---|---|
| fixed length control field | 00411nam a22001577a 4500 |
| 003 - CONTROL NUMBER IDENTIFIER | |
| control field | OSt |
| 005 - DATE AND TIME OF LATEST TRANSACTION | |
| control field | 20180719124150.0 |
| 008 - FIXED-LENGTH DATA ELEMENTS--GENERAL INFORMATION | |
| fixed length control field | 180719b xxu||||| |||| 00| 0 eng d |
| 020 ## - INTERNATIONAL STANDARD BOOK NUMBER | |
| International Standard Book Number | 0070053650 |
| 040 ## - CATALOGING SOURCE | |
| Transcribing agency | N/A |
| 100 ## - MAIN ENTRY--PERSONAL NAME | |
| Personal name | Beer Ferdinand Pierrre |
| 245 ## - TITLE STATEMENT | |
| Title | Vector mechanics for engineers |
| Remainder of title | Statics and dynamics |
| 250 ## - EDITION STATEMENT | |
| Edition statement | 6th ed |
| 260 ## - PUBLICATION, DISTRIBUTION, ETC. (IMPRINT) | |
| Place of publication, distribution, etc | New York |
| Name of publisher, distributor, etc | McGraw-Hill companies |
| Date of publication, distribution, etc | 1997 |
| 942 ## - ADDED ENTRY ELEMENTS (KOHA) | |
| Source of classification or shelving scheme | Library of Congress Classification |
| Koha item type | Long Loan Books |
| Withdrawn status | Lost status | Source of classification or shelving scheme | Damaged status | Not for loan | Collection code | Home library | Current library | Shelving location | Date acquired | Total Checkouts | Full call number | Barcode | Date last seen | Price effective from | Koha item type |
|---|---|---|---|---|---|---|---|---|---|---|---|---|---|---|---|
| Library of Congress Classification | Non-fiction | Rongo University Library | Rongo University Library | General Stacks | 19/07/2018 | TA350.B3552 1997 | 201801190 | 19/07/2018 | 19/07/2018 | Long Loan Books |
